Manual of psychiatric nursing care plans : (Record no. 83339)

MARC details
000 -LEADER
fixed length control field 00859nam a22002537a 4500
003 - CONTROL NUMBER IDENTIFIER
control field URS
005 - DATE AND TIME OF LATEST TRANSACTION
control field 20250701155747.0
008 - FIXED-LENGTH DATA ELEMENTS--GENERAL INFORMATION
fixed length control field 250701b |||||||| |||| 00| 0 eng d
020 ## - INTERNATIONAL STANDARD BOOK NUMBER
International Standard Book Number 978-981-2597-29-8
040 ## - CATALOGING SOURCE
Language of cataloging English
Transcribing agency URS
Description conventions rda
050 ## - LIBRARY OF CONGRESS CALL NUMBER
Classification number RC41
Item number .V422 2007
100 ## - MAIN ENTRY--PERSONAL NAME
Personal name Varcarolis, Elizabeth M.,
Relator term author.
245 ## - TITLE STATEMENT
Title Manual of psychiatric nursing care plans :
Remainder of title diagnoses, clinical tools, and psychopharmacology /
Statement of responsibility, etc Elizabeth M. Varcarolis.
250 ## - EDITION STATEMENT
Edition statement 3rd edition.
264 ## - PUBLICATION, DISTRIBUTION, ETC. (IMPRINT)
Place of publication, distribution, etc St. Louis :
Name of publisher, distributor, etc Saunders,
Date of publication, distribution, etc ©2007.
300 ## - PHYSICAL DESCRIPTION
Extent viii, 716 pages :
Dimensions 19 cm.
336 ## - CONTENT TYPE
Source rdacontent
Content type term text
Content type code txt
337 ## - MEDIA TYPE
Source rdamedia
Media type term unmediated
Media type code n
338 ## - CARRIER TYPE
Source rdacarrier
Carrier type term volume
Carrier type code nc
500 ## - GENERAL NOTE
General note Includes index.
650 #0 - SUBJECT ADDED ENTRY--TOPICAL TERM
9 (RLIN) 1051
Topical term or geographic name as entry element Nursing
General subdivision Handbooks, manuals, etc.
650 #0 - SUBJECT ADDED ENTRY--TOPICAL TERM
9 (RLIN) 2037
Topical term or geographic name as entry element Clinical medicine
General subdivision Handbooks, manuals, etc.
942 ## - ADDED ENTRY ELEMENTS (KOHA)
Source of classification or shelving scheme Library of Congress Classification
Koha item type Foreign Books
Holdings
Withdrawn status Lost status Source of classification or shelving scheme Damaged status Not for loan Collection code Home library Current library Shelving location Date acquired Source of acquisition Total Checkouts Full call number Barcode Date last seen Date checked out Copy number Koha item type
    Library of Congress Classification     Non-fiction Taytay College Library Taytay College Library Nursing Collection 07/05/2016 Donation 1 RC41 .V422 2007 URSTAY-726 07/29/2025 07/29/2025 1 Foreign Books
    Library of Congress Classification     Non-fiction Taytay College Library Taytay College Library Nursing Collection 07/08/2014 Donation   RC41 .V422 2007 URSTAY-1405 07/17/2025   2 Foreign Books
  Lost Library of Congress Classification     Non-fiction Taytay College Library Taytay College Library Nursing Collection 07/16/2018 Donation   RC41 .V422 2007 URSTAY-2708 07/01/2025   3 Foreign Books
  Lost Library of Congress Classification     Non-fiction Taytay College Library Taytay College Library Nursing Collection 07/16/2018 Donation   RC41 .V422 2007 URSTAY-2709 07/01/2025   4 Foreign Books
  Lost Library of Congress Classification     Non-fiction Taytay College Library Taytay College Library Nursing Collection 07/16/2018 Donation   RC41 .V422 2007 URSTAY-2710 07/01/2025   5 Foreign Books

University of Rizal System
Email us at univlibservices@urs.edu.ph

Visit our Website www.urs.edu.ph/library